Norwegian Eliteserien Football Badges - Statistics

General Stats
  • This quiz has been taken 229 times
  • The average score is 12 of 16
Answer Stats
Picture Answer % Correct
FK Bodø/Glimt
98%
Molde FK
91%
Rosenborg BK
91%
SK Brann
91%
Viking FK
86%
Tromsø IL
79%
Fredrikstad FK
78%
FK Haugesund
77%
Vålerenga
76%
Sandefjord
72%
Sarpsborg 08
71%
Strømsgodset
71%
Bryne FK
69%
Hamarkameratene
69%
Kristiansund BK
67%
KFUM-Kameratene Oslo
46%
No matching quizzes found
Score Distribution
Percent of People with Each Score
Percentile by Number Answered
Your Score History
You have not taken this quiz